banner-ar

MODERN GERMAN GRAMMER: A PRACTICAL GUIDE / (Record no. 13031)

MARC details
000 -الفاتح
حقل البيانات ثابتة الطول 00550nam a2200205Ia 4500
008 - عناصر البيانات ثابتة الطول - معلومات عامة
حقل البيانات ثابتة الطول 140319s9999 xx 000 0 eng d
040 ## - مصدر الفهرسة
وكالة الفهرسة الأصلية GCL /
وكالة النسخ GCL
082 04 - رقم تصنيف ديوى العشرى
رقم التصنيف 438.2421
رقم المادة D M
100 1# - المدخل الرئيسى - إسم شخصى
الإسم الشخصى DODD, BILL
245 10 - بيان العنوان
العنوان MODERN GERMAN GRAMMER: A PRACTICAL GUIDE /
بيان المسئوليه,etc DODD, BILL
700 1# - المدخل الاضافى - اسم شخصى
الإسم الشخصى ECKHARD-BLACK, CHRISTINE.
700 1# - المدخل الاضافى - اسم شخصى
الإسم الشخصى WHITTLE, RUTH
700 1# - المدخل الاضافى - اسم شخصى
الإسم الشخصى KLAPPER, JOHN.
260 ## - PUBLICATION, DISTRIBUTION, ETC. (IMPRINT)
تاريخ النشر أو التوزيع 1996
300 ## - الوصف المادى
التعداد 492 P
650 04 - المدخل الاضافى بالموضوع-مصطلح موضوعى
مصطلح موضوعي GERMAN LANGUAGE - GRAMMER
650 04 - المدخل الاضافى بالموضوع-مصطلح موضوعى
مصطلح موضوعي GERMAN LANGUAGE
942 ## - عناصر المدخل الإضافي( كوها)
مصدر التصنيف او مخطط الترفيف Dewey Decimal Classification
Koha [default] item type كتاب
260 ## - PUBLICATION, DISTRIBUTION, ETC. (IMPRINT)
-- [S.N] :
-- ROUTLEDGE ،
Holdings
حالة التراجع حالة الفقد حالة تلف ليس للاعارة المكان المؤقت الموقع الحالى تاريخ الاكتساب اجمالي اﻻعارات رقم الطلب الباركود تاريخ اخر مشاهدة تاريخ تفعيل السعر نوع وعاء كوها
        مكتبة القاهرة الكبرى مكتبة القاهرة الكبرى 03/26/2014   438.2421\D M 25125 03/26/2014 03/26/2014 كتاب

Powered By

EGPV